[Event "Online Olym Div3 E 2020"]
[Site "chess.com INT"]
[Date "2020.07.07"]
[Round "3.1"]
[Board "3"]
[White "Hernandez Alvarez, Tania Regla"]
[Black "Mazariegos, Silvia Carolina"]
[Result "1-0"]
[WhiteTitle "WIM"]
[BlackTitle "WIM"]
[WhiteElo "2041"]
[BlackElo "1933"]
[WhiteTeam "Costa Rica"]
[BlackTeam "Guatemala"]
[WhiteFideId "3501442"]
[BlackFideId "7300115"]
[EventDate "2020.07.07"]
[EventType "team"]

1. Nf3 Nf6 2. b3 g6 3. Bb2 Bg7 4. g3 O-O 5. Bg2 d6 6. d4 Ne4 7. O-O Nc6 8. Nc3
Nxc3 9. Bxc3 Qe8 10. e4 a5 11. a3 a4 12. b4 Bg4 13. h3 Bxf3 14. Bxf3 e5 15. d5
Ne7 16. Bg2 f5 17. f3 fxe4 18. fxe4 Bh6 19. Qe2 Qd7 20. Kh2 Nc8 21. Rxf8+ Kxf8
22. Rf1+ Kg8 23. Bf3 Ne7 24. Bg4 Qd8 25. Be6+ Kh8 26. Bd2 Bxd2 27. Qxd2 Ng8 28.
Rf7 c6 29. Rxb7 cxd5 30. Bxd5 Ne7 31. Rxe7 Qxe7 32. Bxa8 1-0

[Event "Online Olym Div3 E 2020"]
[Site "chess.com INT"]
[Date "2020.07.07"]
[Round "3.1"]
[Board "4"]
[White "Mencos Castillo, Maria"]
[Black "Rodriguez Arrieta, Maria Elena"]
[Result "1-0"]
[WhiteTitle "WIM"]
[BlackTitle "WIM"]
[WhiteElo "1865"]
[BlackElo "1905"]
[WhiteTeam "Guatemala"]
[BlackTeam "Costa Rica"]
[WhiteFideId "7300867"]
[BlackFideId "6502911"]
[EventDate "2020.07.07"]
[EventType "team"]

1. e4 e5 2. Bc4 Nf6 3. d3 Bc5 4. Nf3 Nc6 5. c3 d6 6. Bb3 a5 7. a4 O-O 8. Nbd2
Be6 9. Bc2 d5 10. O-O h6 11. Re1 Re8 12. h3 d4 13. Nf1 Qd6 14. Qe2 Rad8 15. Ng3
Kh7 16. Nh4 g6 17. Rf1 Qe7 18. Kh1 Ng8 19. Nf3 Bc8 20. Nh2 Qe6 21. f4 exf4 22.
Bxf4 Ne5 23. Bxe5 Qxe5 24. Rxf7+ Kh8 25. Ngf1 dxc3 26. bxc3 Qxc3 27. Rb1 Bd6 28.
Ne3 Be6 29. Rff1 b6 30. Nf3 Qg7 31. d4 Rf8 32. e5 Be7 33. Rbd1 Bc8 34. d5 Bb4
35. e6 Ne7 36. Nh4 Bb7 37. Nxg6+ Nxg6 38. Nf5 Qe5 39. Qh5 Rf6 40. Qxh6+ Kg8 41.
Qg7# 1-0

[Event "Online Olym Div3 E 2020"]
[Site "chess.com INT"]
[Date "2020.07.07"]
[Round "3.1"]
[Board "5"]
[White "Valverde Mora, Mauricio"]
[Black "Aragon Trujillo, Ricardo M."]
[Result "0-1"]
[BlackTitle "CM"]
[WhiteElo "1792"]
[BlackElo "1875"]
[WhiteTeam "Costa Rica"]
[BlackTeam "Guatemala"]
[WhiteFideId "6515223"]
[BlackFideId "7303033"]
[EventDate "2020.07.07"]
[EventType "team"]

1. c4 e5 2. g3 g6 3. Bg2 Bg7 4. Nc3 Ne7 5. e4 O-O 6. Nge2 Nbc6 7. O-O d6 8. d3
f5 9. Be3 Nd4 10. f4 Be6 11. h3 Qd7 12. Kh2 Nec6 13. Rb1 a5 14. Nd5 Nxe2 15.
Qxe2 Rae8 16. Qd2 Nd4 17. Qxa5 c6 18. Nc7 Qd8 19. b4 b6 20. Qxb6 Rf7 21. Bxd4
exd4 22. Qxc6 Rxc7 23. Qa4 fxe4 24. Bxe4 Qc8 25. Bg2 Bf5 26. Qb3 Re2 27. Rg1
Bxh3 28. b5 Bxg2 29. Rxg2 Rxg2+ 30. Kxg2 Qb7+ 31. Kf2 d5 32. cxd5 Rc3 0-1

[Event "Online Olym Div3 E 2020"]
[Site "chess.com INT"]
[Date "2020.07.07"]
[Round "3.1"]
[Board "6"]
[White "Santiago Sontay, Jenny Fernanda"]
[Black "Salazar Gould, Melanie"]
[Result "0-1"]
[BlackTitle "WFM"]
[WhiteElo "1708"]
[BlackElo "1957"]
[WhiteTeam "Guatemala"]
[BlackTeam "Costa Rica"]
[WhiteFideId "7303084"]
[BlackFideId "6505090"]
[EventDate "2020.07.07"]
[EventType "team"]

1. e4 e6 2. d4 d5 3. exd5 exd5 4. Nf3 Bd6 5. Bd3 Ne7 6. O-O Nbc6 7. c3 Bg4 8. h3
Bh5 9. Re1 Qd7 10. Nbd2 O-O-O 11. b4 f6 12. a4 g5 13. Nb3 Bg6 14. b5 Nb8 15. Nc5
Bxc5 16. dxc5 g4 17. hxg4 Bxd3 18. Qxd3 Rdg8 19. g5 fxg5 20. Bxg5 Ng6 21. Rad1
h6 22. Bc1 Qg4 23. Qf1 Nf4 24. Bxf4 Qxf4 25. Re3 h5 26. Rd4 Qf6 27. Rxd5 h4 28.
Nd2 h3 29. g3 h2+ 30. Kh1 Rf8 31. Ne4 Qh6 32. Qe2 Rf7 33. Nd2 Rff8 34. Rde5 Qg6
35. Qe1 Rd8 36. Nf3 Nd7 37. Nd4 Nxe5 38. Rxe5 Rde8 39. Re3 Rxe3 0-1

[Event "Online Olym Div3 E 2020"]
[Site "chess.com INT"]
[Date "2020.07.07"]
[Round "3.2"]
[Board "1"]
[White "Guzman, Christopher"]
[Black "Diaz Rosas, Julio Cesar"]
[Result "0-1"]
[WhiteTitle "FM"]
[BlackTitle "FM"]
[WhiteElo "2258"]
[BlackElo "2367"]
[WhiteTeam "Dominican Republic"]
[BlackTeam "Mexico"]
[WhiteFideId "6405096"]
[BlackFideId "5105099"]
[EventDate "2020.07.07"]
[EventType "team"]

1. e4 c5 2. Nf3 d6 3. d4 cxd4 4. Nxd4 Nf6 5. Nc3 a6 6. h4 e5 7. Nb3 Be7 8. g3
Be6 9. Bg5 Nbd7 10. Bg2 Rc8 11. Nd2 O-O 12. Nf1 b5 13. Bxf6 Nxf6 14. Ne3 Qb6 15.
O-O Qb7 16. a3 Rfd8 17. Qd2 Bf8 18. f4 exf4 19. gxf4 Qa7 20. Kh1 Bd7 21. Ncd5
Nxd5 22. Nxd5 Bc6 23. c3 Bxd5 24. Qxd5 Rc5 25. Qd1 Qe7 26. Qg4 Qf6 27. Bf3 h5
28. Qg3 Be7 29. f5 Qxh4+ 30. Qxh4 Bxh4 31. Bxh5 d5 32. e5 d4 33. Rf4 dxc3 34.
bxc3 Bg3 35. Rd4 Rf8 36. Rd6 Bxe5 37. Rxa6 Rxc3 38. Be2 Rh3+ 39. Kg2 Rh2+ 0-1

[Event "Online Olym Div3 E 2020"]
[Site "chess.com INT"]
[Date "2020.07.07"]
[Round "3.2"]
[Board "2"]
[White "Gracia Alvarez, Gerardo An"]
[Black "Araujo Sanchez, Josue"]
[Result "1/2-1/2"]
[WhiteTitle "FM"]
[BlackTitle "IM"]
[WhiteElo "2308"]
[BlackElo "2337"]
[WhiteTeam "Mexico"]
[BlackTeam "Dominican Republic"]
[WhiteFideId "5109124"]
[BlackFideId "6416896"]
[EventDate "2020.07.07"]
[EventType "team"]

1. d4 Nf6 2. c4 e6 3. Nc3 Bb4 4. Qc2 c5 5. dxc5 Na6 6. a3 Bxc3+ 7. Qxc3 Nxc5 8.
b4 Nce4 9. Qb2 d5 10. c5 h6 11. f3 Ng5 12. Bf4 O-O 13. e3 Re8 14. h4 Ngh7 15.
Ne2 Nf8 16. g4 Ng6 17. Bg3 b6 18. c6 b5 19. h5 Nf8 20. Be5 N8h7 21. Nd4 a6 22.
Be2 Re7 23. Rg1 Ne8 24. Rc1 f6 25. Bh2 e5 26. Nb3 Nd6 27. Na5 Be6 28. Bd3 Ng5
29. Be2 Rc8 30. Rf1 Qb6 31. Qd2 Rd8 32. Bg1 Nc4 33. Bxc4 dxc4 34. e4 Qc7 35. Qb2
Rd3 36. Rc3 Rd8 37. Bc5 Ree8 38. Qf2 Nh3 39. Bb6 Qd6 40. Qc2 Nf4 41. Bxd8 Rxd8
42. Nb7 Nd3+ 43. Ke2 Nf4+ 44. Ke1 Nd3+ 45. Ke2 Nf4+ 46. Ke1 1/2-1/2

[Event "Online Olym Div3 E 2020"]
[Site "chess.com INT"]
[Date "2020.07.07"]
[Round "3.2"]
[Board "3"]
[White "Castillo Pena, Patricia Evarista"]
[Black "Corrales Jimenez, Zenia"]
[Result "0-1"]
[WhiteTitle "WCM"]
[BlackTitle "WIM"]
[WhiteElo "1770"]
[BlackElo "2234"]
[WhiteTeam "Dominican Republic"]
[BlackTeam "Mexico"]
[WhiteFideId "6412106"]
[BlackFideId "3506355"]
[EventDate "2020.07.07"]
[EventType "team"]

1. d4 Nf6 2. Nf3 g6 3. Nc3 d5 4. Bf4 Bg7 5. e3 O-O 6. Be2 c5 7. Ne5 Nc6 8. dxc5
Qa5 9. Nxc6 bxc6 10. O-O Qxc5 11. Be5 Bf5 12. g4 Be6 13. h3 Rfd8 14. Na4 Qa5 15.
Qd4 Ne8 16. Bxg7 Nxg7 17. Nc5 Rab8 18. a3 Bd7 19. b4 Qb6 20. c3 Bc8 21. a4 Qc7
22. f4 Re8 23. Ba6 e5 24. Qd2 exf4 25. exf4 Ne6 26. Nxe6 Bxe6 27. Qd4 Bd7 28.
Rae1 Qd6 29. Bd3 a5 30. Rxe8+ Rxe8 31. bxa5 c5 32. Qf2 Ra8 33. a6 c4 34. Bc2
Rxa6 35. f5 Qf6 36. fxg6 Qxf2+ 37. Rxf2 hxg6 38. Rd2 Bxa4 39. Bxa4 Rxa4 40. Rxd5
Ra3 41. Rc5 Rxc3 42. Kg2 Kf8 43. h4 Kg7 44. Rc6 Rc1 45. Kf2 c3 46. g5 Kf8 47.
Rc7 Ke8 48. Kg2 c2 49. Kg3 Rg1+ 0-1

[Event "Online Olym Div3 E 2020"]
[Site "chess.com INT"]
[Date "2020.07.07"]
[Round "3.2"]
[Board "4"]
[White "Real Pereyra, Diana Carime"]
[Black "Rosario Almanzar, Raydily"]
[Result "1-0"]
[WhiteTitle "WIM"]
[WhiteElo "2042"]
[BlackElo "1774"]
[WhiteTeam "Mexico"]
[BlackTeam "Dominican Republic"]
[WhiteFideId "5104106"]
[BlackFideId "6403573"]
[EventDate "2020.07.07"]
[EventType "team"]

1. e4 c5 2. Nc3 d6 3. Nf3 Nf6 4. Bc4 Nc6 5. d4 cxd4 6. Nxd4 e6 7. Bb3 a6 8. Be3
Be7 9. O-O Qc7 10. f4 b5 11. e5 dxe5 12. Nxc6 Qxc6 13. fxe5 Bb7 14. Rf2 Ne4 15.
Nxe4 Qxe4 16. Qh5 O-O 17. Qh3 Rad8 18. c3 Qxe5 19. Bc2 Be4 20. Bd4 Qd5 21. Bb3
Qg5 22. Bxe6 fxe6 23. Qxe6+ Kh8 24. Qxe4 Rxf2 25. Bxf2 Bf6 26. Re1 h6 27. Be3
Qh5 28. Bd4 Rf8 29. Bxf6 Rxf6 30. Qe8+ Qxe8 31. Rxe8+ Kh7 32. g3 Rd6 33. Re2 Rf6
34. Rf2 Rd6 35. Kf1 Rd1+ 36. Ke2 Rd6 37. Ke3 Kg6 38. Ke4 Rd1 39. Rc2 Kf6 40. b3
Ke6 41. c4 1-0

[Event "Online Olym Div3 E 2020"]
[Site "chess.com INT"]
[Date "2020.07.07"]
[Round "3.2"]
[Board "5"]
[White "Pacheco Marte, Sergio Andres"]
[Black "Lima Martinez, Alejandro"]
[Result "0-1"]
[WhiteElo "1865"]
[BlackElo "2074"]
[WhiteTeam "Dominican Republic"]
[BlackTeam "Mexico"]
[WhiteFideId "6421644"]
[BlackFideId "5120080"]
[EventDate "2020.07.07"]
[EventType "team"]

1. e4 c5 2. Nf3 g6 3. d3 Bg7 4. g3 Nc6 5. Bg2 d6 6. h3 e5 7. O-O Nge7 8. Nbd2
O-O 9. a4 h6 10. Nc4 Be6 11. Ne3 Qd7 12. Kh2 f5 13. exf5 gxf5 14. Qe2 f4 15. Nc4
Rae8 16. Bd2 fxg3+ 17. fxg3 Nf5 18. c3 Qc7 19. Ne3 d5 20. Nxf5 Bxf5 21. Nh4 Be6
22. Ng6 Rxf1 23. Rxf1 Ne7 24. Nf4 Bf7 25. Nh5 Qd6 26. Nxg7 Kxg7 27. Qg4+ Bg6 28.
h4 h5 29. Qg5 Ng8 30. Bh3 Qe7 31. Qxe7+ Rxe7 32. Bg5 Rf7 33. Rxf7+ Bxf7 34. Bf5
Nf6 35. Be3 d4 36. cxd4 cxd4 37. Bd2 Bb3 38. a5 Ng4+ 39. Kg2 Bd5+ 40. Be4 Bxe4+
41. dxe4 Kf6 42. Kf3 Ke6 43. Bb4 a6 44. Bf8 Kd7 45. Bg7 Kc6 46. b4 Kb5 47. Bf8
Kc4 48. Ke2 Nf6 49. Bd6 Nxe4 50. Bxe5 Kd5 51. Bg7 Nxg3+ 52. Kd3 Nf5 53. Bf6 Ke6
54. Bxd4 Nxh4 55. Bf2 Nf5 56. Kc4 Kd6 57. Bg1 h4 58. b5 Kc7 59. bxa6 bxa6 60.
Kd3 Kc6 61. Ke4 Nd6+ 62. Kd4 Kb5 63. Ke3 Kxa5 64. Kf4 Kb4 65. Bb6 Kb5 66. Bc7
Ne8 67. Be5 a5 68. Kg4 Kc5 69. Kxh4 Kd5 70. Ba1 a4 71. Kg3 Kc4 72. Kf3 Kb3 73.
Ke2 Nd6 74. Kd3 Nb5 75. Kd2 a3 76. Kc1 Nd6 77. Kb1 Ne4 78. Kc1 a2 79. Bb2 Nf2
80. Bd4 Nd3+ 81. Kd2 Nb2 82. Bxb2 Kxb2 0-1

[Event "Online Olym Div3 E 2020"]
[Site "chess.com INT"]
[Date "2020.07.07"]
[Round "3.2"]
[Board "6"]
[White "Mellado Reyes, Rebeca"]
[Black "Ramirez Luzon, Franchesca"]
[Result "0-1"]
[WhiteTitle "WCM"]
[WhiteElo "1750"]
[BlackElo "1771"]
[WhiteTeam "Mexico"]
[BlackTeam "Dominican Republic"]
[WhiteFideId "5132711"]
[BlackFideId "6421792"]
[EventDate "2020.07.07"]
[EventType "team"]

1. d4 Nf6 2. Nf3 g6 3. Bf4 Bg7 4. e3 d6 5. Be2 O-O 6. h3 Nbd7 7. O-O Re8 8. Bh2
e5 9. dxe5 dxe5 10. Ne1 e4 11. c4 c5 12. Nc3 a6 13. Qc2 Qe7 14. Rd1 b6 15. Qb3
h5 16. Bc7 Nh7 17. Nd5 Qe6 18. Nxb6 Nxb6 19. Rd6 Qe7 20. Qxb6 Be5 21. Qc6 Bxd6
22. Bxd6 Qd7 23. Qxc5 Bb7 24. Nc2 Rac8 25. Qd4 Red8 26. Rd1 Qe6 27. b3 Nf6 28.
c5 Ne8 29. Bc4 Qf6 30. Qd2 Nxd6 31. cxd6 Qe5 32. Nb4 a5 33. Nc2 Rc6 34. Qxa5
Qxa5 0-1

[Event "Online Olym Div3 E 2020"]
[Site "chess.com INT"]
[Date "2020.07.07"]
[Round "3.3"]
[Board "1"]
[White "Gavarrete, Nahun"]
[Black "Arias, Daniel"]
[Result "1-0"]
[WhiteTitle "FM"]
[BlackTitle "FM"]
[WhiteElo "2359"]
[BlackElo "2285"]
[WhiteTeam "Honduras"]
[BlackTeam "El Salvador"]
[WhiteFideId "8400709"]
[BlackFideId "6700640"]
[EventDate "2020.07.07"]
[EventType "team"]

1. d4 Nf6 2. c4 e6 3. Nc3 Bb4 4. Qc2 c5 5. dxc5 Bxc5 6. Nf3 Be7 7. e3 b6 8. Be2
Bb7 9. O-O O-O 10. b3 a6 11. Rd1 Qc7 12. Bb2 d6 13. Rac1 Nbd7 14. Nd4 Rac8 15.
Bf3 Rfe8 16. Bxb7 Qxb7 17. Qe2 Ne5 18. e4 Bf8 19. f4 Nc6 20. Nf3 b5 21. cxb5
axb5 22. e5 dxe5 23. fxe5 Ng4 24. Ne4 Qa7+ 25. Kh1 Ne3 26. Re1 Nf5 27. Nd6 Nxd6
28. exd6 Bxd6 29. Qxb5 Qa8 30. a3 Bf8 31. b4 Red8 32. Qh5 Qb7 33. Ng5 h6 34. Ne4
Rd5 35. Qf3 Rcd8 36. h3 Rf5 37. Qe3 Qb5 38. Qe2 Qb7 39. Ng3 Rg5 40. Qf3 Na5 41.
Ne4 Rf5 42. Qe3 Nc6 43. Ng3 Rfd5 44. Rf1 Nd4 45. Qe4 Qd7 46. Rcd1 Nc6 47. Rxd5
Qxd5 48. Qxd5 Rxd5 49. Rc1 Ne5 50. Rc8 f6 51. Ne4 Kf7 52. Rc7+ Kg6 53. Bxe5 Rxe5
54. Rc4 f5 55. Nc5 Re1+ 56. Kh2 Bd6+ 57. g3 Re3 58. Kg2 Rxg3+ 59. Kf2 Rxa3 60.
Nxe6 Kf6 61. Nd4 Bg3+ 62. Ke2 Be5 63. Rc6+ Kg5 64. Nf3+ Kf4 65. Rc4+ Kg3 66.
Nxe5 Kxh3 67. Rf4 Ra2+ 68. Ke3 Rb2 69. Nd3 Rb3 70. Rxf5 Kg4 71. Rf1 Kh5 72. Rh1+
Kg6 73. Rg1+ Kf6 74. Rf1+ Kg6 75. Kd4 Kh5 76. Kc4 Ra3 77. Rh1+ Kg6 78. Rg1+ Kf6
79. Rf1+ Kg5 80. b5 h5 81. b6 Ra8 82. Rg1+ Kh6 83. b7 Rb8 84. Nc5 g5 85. Ra1 g4
86. Kd4 Kg5 87. Ke3 h4 88. Ra8 Rxb7 89. Nxb7 h3 90. Kf2 Kf4 91. Ra4+ 1-0

[Event "Online Olym Div3 E 2020"]
[Site "chess.com INT"]
[Date "2020.07.07"]
[Round "3.3"]
[Board "2"]
[White "Chavez, Hector Eduardo"]
[Black "Urbina, Ricardo"]
[Result "1/2-1/2"]
[BlackTitle "IM"]
[WhiteElo "2110"]
[BlackElo "2212"]
[WhiteTeam "El Salvador"]
[BlackTeam "Honduras"]
[WhiteFideId "6700160"]
[BlackFideId "8400253"]
[EventDate "2020.07.07"]
[EventType "team"]

1. e4 e5 2. Nf3 Nc6 3. Bc4 Be7 4. O-O Nf6 5. Nc3 Nxe4 6. Nxe4 d5 7. Bd3 dxe4 8.
Bxe4 Bg4 9. h3 Bxf3 10. Bxf3 O-O 11. c3 Qd6 12. Qa4 f5 13. Bxc6 bxc6 14. d4 e4
15. g3 Qg6 16. Bf4 Rf6 17. Kh2 Raf8 18. Rae1 Qh5 19. Qd1 Qf7 20. Qb3 Bd6 21.
Bxd6 cxd6 22. Qxf7+ Kxf7 23. c4 Rb8 24. b3 d5 25. Rc1 Ke6 26. Rfd1 Kd6 27. Kg2
f4 28. g4 f3+ 29. Kg3 Rf7 30. Rc3 Rb4 31. Rdc1 dxc4 32. Rxc4 Rxc4 33. bxc4 g5
34. Re1 Re7 35. h4 h6 36. hxg5 hxg5 37. Rh1 Rf7 38. Re1 Re7 39. Rh1 Rf7 40. Re1
Re7 1/2-1/2

[Event "Online Olym Div3 E 2020"]
[Site "chess.com INT"]
[Date "2020.07.07"]
[Round "3.3"]
[Board "3"]
[White "Figueroa, Any"]
[Black "Zavala Galindo, Alejandra Beatri"]
[Result "0-1"]
[WhiteElo "1610"]
[BlackElo "1740"]
[WhiteTeam "Honduras"]
[BlackTeam "El Salvador"]
[WhiteFideId "8402817"]
[BlackFideId "6703089"]
[EventDate "2020.07.07"]
[EventType "team"]

1. Nf3 c5 2. d4 Nf6 3. g3 g6 4. Bg2 Bg7 5. O-O cxd4 6. Nxd4 O-O 7. c4 Nc6 8. Nc3
Nxd4 9. Qxd4 d6 10. Rd1 Qc7 11. Nb5 Qa5 12. Bd2 Qd8 13. Nc3 a6 14. e4 Be6 15.
Rac1 Rc8 16. b3 Qc7 17. Qd3 Nd7 18. Nd5 Qd8 19. Bg5 f6 20. Be3 Nc5 21. Qd2 f5
22. exf5 Bxf5 23. Bxc5 Rxc5 24. Re1 e6 25. Ne3 e5 26. Nxf5 Rxf5 27. Bxb7 Qb6 28.
Bd5+ Kh8 29. Rcd1 Rf6 30. Kg2 Rc8 31. Bf3 Rcf8 32. Qe2 Rxf3 33. Rf1 Qc6 34. Kg1
R3f6 35. Rd5 Re6 36. Rfd1 Ref6 37. Rf1 Qb6 38. Rd2 Bh6 39. Rdd1 Qc6 40. Rd5 R8f7
41. Qd3 Bf8 42. Qe2 Kg7 43. Qd3 Rf3 44. Qe2 R3f6 45. Qd2 Qb6 46. Qe2 Qb4 47. Qc2
Rf3 48. Qe2 Qc3 49. Rd2 a5 50. Rc2 Qb4 51. Rd2 a4 52. bxa4 Qxa4 53. Rxd6 Bxd6
54. Rd1 Qc6 55. c5 Qxc5 0-1

[Event "Online Olym Div3 E 2020"]
[Site "chess.com INT"]
[Date "2020.07.07"]
[Round "3.3"]
[Board "4"]
[White "Hernandez, Bera"]
[Black "Torres Hernandez, Leslie Carolin"]
[Result "0-1"]
[WhiteTitle "WCM"]
[BlackTitle "WFM"]
[WhiteElo "1802"]
[BlackElo "1884"]
[WhiteTeam "El Salvador"]
[BlackTeam "Honduras"]
[WhiteFideId "6700080"]
[BlackFideId "8400504"]
[EventDate "2020.07.07"]
[EventType "team"]

1. e4 c6 2. d4 d5 3. exd5 cxd5 4. Nf3 Bg4 5. Bf4 Nc6 6. c3 e6 7. Bd3 Bd6 8. Bg3
Nf6 9. Nbd2 O-O 10. Nf1 Re8 11. Ne3 Bh5 12. Qd2 Rc8 13. Ne5 Qc7 14. O-O Nxe5 15.
dxe5 Bxe5 16. f4 Bd6 17. Rac1 Qb6 18. Kh1 Bc5 19. Nc2 Red8 20. b4 Be7 21. Nd4
Ne4 22. Qe1 Bf6 23. Bf2 Qc7 24. Bxe4 dxe4 25. Qxe4 Bg6 26. Qe1 Qxf4 27. Be3 Qh4
28. Bf2 Qe4 29. Be3 Bh4 30. Qe2 e5 31. Nf3 Bf6 32. Rfe1 Rd3 33. Bd2 Qxe2 34.
Rxe2 e4 35. Ng1 Rxd2 36. Rxd2 Bg5 37. Rdc2 Bxc1 38. Rxc1 Kf8 39. Ne2 Ke7 40. Kg1
Rd8 41. Kf2 Rd2 42. a4 f5 43. Ke3 Rb2 44. Nf4 Bf7 45. b5 g5 46. Ne2 Ra2 47. Nd4
Kf6 48. Rf1 Bg6 49. g4 f4+ 50. Rxf4+ gxf4+ 51. Kxf4 Rxa4 52. g5+ Ke7 53. h4 a6
54. bxa6 bxa6 55. Kg4 e3 56. h5 Rxd4+ 57. cxd4 e2 0-1

[Event "Online Olym Div3 E 2020"]
[Site "chess.com INT"]
[Date "2020.07.07"]
[Round "3.3"]
[Board "5"]
[White "Miller, Marlon"]
[Black "Melara, Moises"]
[Result "0-1"]
[WhiteTitle "FM"]
[BlackTitle "FM"]
[WhiteElo "2092"]
[BlackElo "2110"]
[WhiteTeam "Honduras"]
[BlackTeam "El Salvador"]
[WhiteFideId "8400555"]
[BlackFideId "6703917"]
[EventDate "2020.07.07"]
[EventType "team"]

1. d4 Nf6 2. Nf3 g6 3. c4 Bg7 4. g3 O-O 5. Bg2 d6 6. O-O Nbd7 7. Nc3 e5 8. dxe5
dxe5 9. Qc2 c6 10. Rd1 Qe7 11. h3 Nc5 12. b4 Bf5 13. Qb2 Nce4 14. Be3 Nxc3 15.
Qxc3 Ne4 16. Qb3 a5 17. a3 axb4 18. axb4 Rxa1 19. Rxa1 Rd8 20. Nh4 Nd2 21. Nxf5
gxf5 22. Qc2 Ne4 23. Bxe4 fxe4 24. Qxe4 Qxb4 25. Rb1 Qe7 26. Kg2 Qd7 27. g4 b5
28. cxb5 cxb5 29. Ra1 Rb8 30. Ra7 Qe8 31. h4 b4 32. Rb7 b3 33. Qb4 Qc6+ 0-1

[Event "Online Olym Div3 E 2020"]
[Site "chess.com INT"]
[Date "2020.07.07"]
[Round "3.3"]
[Board "6"]
[White "Garcia, Angie"]
[Black "Ramos Donaire, Maria Pradi"]
[Result "1-0"]
[WhiteTitle "WFM"]
[WhiteElo "1802"]
[BlackElo "1558"]
[WhiteTeam "El Salvador"]
[BlackTeam "Honduras"]
[WhiteFideId "6702503"]
[BlackFideId "8402337"]
[EventDate "2020.07.07"]
[EventType "team"]

1. e4 e6 2. d4 d5 3. Nd2 c5 4. Ngf3 a6 5. c3 Nc6 6. e5 cxd4 7. cxd4 Nh6 8. Bd3
Nf5 9. Bxf5 exf5 10. O-O Be7 11. Nb3 O-O 12. Nc5 Bxc5 13. dxc5 Be6 14. Bg5 Qc7
15. Re1 Ne7 16. Rc1 h6 17. Be3 Ng6 18. Qd2 Kh7 19. b3 Qe7 20. c6 bxc6 21. Bc5
Qd7 22. Bxf8 Rxf8 23. Nd4 Rc8 24. Qa5 Nf4 25. Qxa6 c5 26. g3 Nh3+ 27. Kg2 Ng5
28. f3 Kg8 29. h4 Nh7 30. Nxe6 fxe6 31. Qd6 Qxd6 32. exd6 Nf8 33. d7 Nxd7 34.
Rxe6 Kf7 35. Rd6 Nf6 36. Ra6 c4 37. bxc4 dxc4 38. a4 c3 39. Rd6 Ke7 40. Rd3 c2
41. Rd2 Rc4 42. Rdxc2 Rxa4 43. Rb2 Rd4 44. Re1+ Kf7 45. Rb7+ Rd7 46. Rxd7+ Nxd7
47. Rd1 Ne5 48. Kf2 Kf6 49. Rd6+ Ke7 50. Ra6 Kf7 51. Ke3 g5 52. Rxh6 gxh4 53.
Rxh4 Ng6 54. Ra4 Kg7 55. Ra5 Kf6 56. f4 Ne7 57. Ra6+ Kf7 58. Kd4 Ng6 59. Rb6 Ne7
60. Ke5 Ke8 61. Rf6 Kd7 62. Rxf5 Nc6+ 63. Ke4 1-0

[Event "Online Olym Div3 E 2020"]
[Site "chess.com INT"]
[Date "2020.07.07"]
[Round "3.4"]
[Board "1"]
[White "Alfaro, William"]
[Black "Giasi, Viresh"]
[Result "1/2-1/2"]
[WhiteTitle "FM"]
[BlackTitle "FM"]
[WhiteElo "2135"]
[BlackElo "2006"]
[WhiteTeam "Nicaragua"]
[BlackTeam "Suriname"]
[WhiteFideId "6100457"]
[BlackFideId "8200165"]
[EventDate "2020.07.07"]
[EventType "team"]

1. d4 d5 2. Nf3 e6 3. c4 c6 4. Qc2 f5 5. Bf4 Nf6 6. e3 Bd6 7. Nc3 Bxf4 8. exf4
O-O 9. Bd3 Nbd7 10. cxd5 Nxd5 11. Nxd5 cxd5 12. O-O Nf6 13. Rac1 Bd7 14. Qc7 Bc6
15. Qxd8 Raxd8 16. Rfe1 Rd6 17. Ne5 Rfd8 18. Bf1 Nd7 19. Nf3 h6 20. Rc2 Kf7 21.
Bd3 g6 22. g3 Rg8 23. h4 Rd8 24. Rec1 Rg8 25. Kf1 Rd8 26. Ke2 Rg8 27. b3 a5 28.
a4 Rd8 29. Ke3 Ke7 30. Rh1 Rg8 31. Be2 Kf7 32. Rcc1 Ke7 33. Ne1 Nf6 34. Bf3 b5
35. axb5 Bxb5 36. Rc7+ Rd7 37. Rc5 Rb7 38. Nc2 Ne4 39. Bxe4 fxe4 40. Ra1 1/2-1/2

[Event "Online Olym Div3 E 2020"]
[Site "chess.com INT"]
[Date "2020.07.07"]
[Round "3.4"]
[Board "2"]
[White "Hanoeman, Suradj"]
[Black "Rocha, Maximiliano"]
[Result "1-0"]
[WhiteTitle "CM"]
[BlackTitle "FM"]
[WhiteElo "1988"]
[BlackElo "2116"]
[WhiteTeam "Suriname"]
[BlackTeam "Nicaragua"]
[WhiteFideId "8200173"]
[BlackFideId "6100775"]
[EventDate "2020.07.07"]
[EventType "team"]

1. d4 d5 2. c4 c6 3. Nf3 Nf6 4. Nc3 e6 5. cxd5 exd5 6. Bg5 Be7 7. e3 O-O 8. Bd3
Nbd7 9. Qc2 Re8 10. O-O Ne4 11. Bf4 f5 12. Nxd5 cxd5 13. Bc7 Bd6 14. Bxd8 Rxd8
15. Bxe4 fxe4 16. Nd2 Nf6 17. f3 exf3 18. Nxf3 h6 19. Qg6 Bd7 20. Ne5 Be8 21.
Qf5 Bh5 22. Qe6+ Kh7 23. Rxf6 Bxe5 24. Qf5+ 1-0

[Event "Online Olym Div3 E 2020"]
[Site "chess.com INT"]
[Date "2020.07.07"]
[Round "3.4"]
[Board "3"]
[White "Granados Diaz, Maria Esther"]
[Black "dos Ramos, Rosangela"]
[Result "1-0"]
[WhiteTitle "WIM"]
[BlackTitle "WFM"]
[WhiteElo "1839"]
[BlackElo "1765"]
[WhiteTeam "Nicaragua"]
[BlackTeam "Suriname"]
[WhiteFideId "6101488"]
[BlackFideId "8200521"]
[EventDate "2020.07.07"]
[EventType "team"]

1. e4 e6 2. d4 Ne7 3. c4 d5 4. exd5 exd5 5. Nc3 Nbc6 6. c5 Bf5 7. a3 a5 8. Nf3
Bg4 9. Be2 Nf5 10. O-O Be7 11. Bf4 O-O 12. Nb5 Rc8 13. h3 Bxf3 14. Bxf3 Bf6 15.
Bg4 Nfxd4 16. Bxc8 Qxc8 17. Nxc7 Qf5 18. Bd6 Rc8 19. Qg4 Qxg4 20. hxg4 Nb3 21.
Rad1 d4 22. Nd5 Be5 23. Bxe5 Nxe5 24. Ne7+ Kf8 25. Nxc8 d3 26. f4 Nxg4 27. Rxd3
Nxc5 28. Rd8# 1-0

[Event "Online Olym Div3 E 2020"]
[Site "chess.com INT"]
[Date "2020.07.07"]
[Round "3.4"]
[Board "4"]
[White "Kaslan, Alexandra"]
[Black "Ferrufino, Michelle"]
[Result "0-1"]
[WhiteTitle "WCM"]
[WhiteElo "1435"]
[BlackElo "1822"]
[WhiteTeam "Suriname"]
[BlackTeam "Nicaragua"]
[WhiteFideId "8201340"]
[BlackFideId "6103162"]
[EventDate "2020.07.07"]
[EventType "team"]

1. d4 d5 2. Nf3 f5 3. Bf4 Nf6 4. e3 e6 5. Bd3 Be7 6. Nbd2 O-O 7. Ne5 Nbd7 8.
Ndf3 Ne4 9. Nxd7 Bxd7 10. Ne5 Be8 11. f3 Nf6 12. Qe2 c5 13. c3 Nh5 14. Bg3 Bd6
15. f4 Bxe5 16. fxe5 c4 17. Bc2 Qg5 18. Qf2 f4 19. exf4 Nxf4 20. Bxf4 Rxf4 21.
Qg3 Rg4 22. Qh3 Rh4 23. Qg3 Qxg3+ 24. hxg3 Rxh1+ 25. Kf2 Rxa1 26. a3 Ra2 0-1